[Event "Lvov Euro op 1st"]
[Site "Lvov"]
[Date "2012.05.31"]
[Round "5"]
[White "Durnev, Vladimir"]
[Black "Zagorodny, Oleg"]
[Result "0-1"]
[WhiteElo "2026"]
[BlackElo "2128"]
[PlyCount "92"]
[EventDate "2012.05.28"]
[EventType "swiss"]
[EventRounds "9"]
[EventCountry "UKR"]
[SourceTitle "CBM 148 Extra"]
[Source "ChessBase"]
[SourceDate "2012.06.22"]
[SourceVersion "1"]
[SourceVersionDate "2012.06.22"]
[SourceQuality "1"]

1. d4 Nf6 2. Nf3 d6 3. b3 g6 4. Bb2 Bg7 5. e3 Nbd7 6. Nbd2 c5 7. Bd3 a6 8. a4 Rb8 9. Ra2 b5 10. axb5 axb5 11. Qa1 0-0 12. d5 Bb7 13. e4 Qb6 14. 0-0 Ra8 15. Rxa8 Rxa8 16. Qc1 Ra2 17. Bc3 b4 18. Nc4 Qa7 19. Bb2 Ba6 20. Re1 Nb6 21. Nfd2 Bxc4 22. Nxc4 Nxc4 23. Bxc4 Nd7 24. Bxg7 Kxg7 25. f4 Qa3 26. Bd3 Nf6 27. Qxa3 bxa3 28. Rb1 Ng4 29. h3 Ne3 30. Kf2 Nxc2 31. Bxc2 Rxc2+ 32. Kf3 Rb2 33. Ra1 Rxb3+ 34. Ke2 Rb2+ 35. Kd3 a2 36. g4 Rh2 37. Kc4 h6 38. e5 g5 39. exd6 exd6 40. fxg5 hxg5 41. Kb5 Rb2+ 42. Kc6 c4 43. Kxd6 c3 44. Ke7 c2 45. d6 Rb1 46. d7 Rxa1 0-1